[Event "SF Gerresheim 1 - Gütersloher SV 1"]
[Site "NRW-Klasse, Gruppe 2 2012/201"]
[Date "2012.11.18"]
[Round "3.7"]
[White "Krueger, Tim"]
[Black "Selten, Jan"]
[Result "1/2-1/2"]
[WhiteElo "2046"]
[BlackElo "2075"]
[PlyCount "26"]
[EventDate "2012.??.??"]
[WhiteTeam "Gütersloher SV 1"]
[BlackTeam "SF Gerresheim 1"]

1. d4 e6 2. c4 Nf6 3. Nf3 b6 4. g3 Ba6 5. b3 d5 6. Qc2 Nbd7 7. Bg2 Bb4+ 8. Bd2
Bxd2+ 9. Nbxd2 O-O 10. O-O c5 11. Rac1 Rc8 12. Qb2 dxc4 13. Nxc4 cxd4 1/2-1/2

[Event "SF Gerresheim 1 - Gütersloher SV 1"]
[Site "NRW-Klasse, Gruppe 2 2012/201"]
[Date "2012.11.18"]
[Round "3.8"]
[White "Bondarchuk, Vadim"]
[Black "Minosjan, Artur"]
[Result "0-1"]
[WhiteElo "1964"]
[BlackElo "1977"]
[PlyCount "66"]
[EventDate "2012.??.??"]
[WhiteTeam "SF Gerresheim 1"]
[BlackTeam "Gütersloher SV 1"]

1. e4 d6 2. d4 Nf6 3. Nc3 g6 4. f3 c6 5. Be3 Nbd7 6. Qd2 Qa5 7. O-O-O b5 8. Kb1
b4 9. Nce2 Nb6 10. Nc1 Na4 11. Nb3 Qb6 12. g4 a5 13. Ne2 Qc7 14. g5 Nd7 15. f4
Ndb6 16. Ng3 Bg7 17. Qf2 Bg4 18. Rd2 d5 19. h3 Bc8 20. Nc5 Nxc5 21. dxc5 Nc4
22. Bxc4 dxc4 23. Rdd1 O-O 24. Qf3 c3 25. b3 a4 26. Rh2 axb3 27. cxb3 Be6 28.
Qe2 Ra3 29. Bc1 Ra5 30. Qe3 Bxb3 31. axb3 Ra1+ 32. Kc2 Ra2+ 33. Kb1 c2+ 0-1

[Event "SK Münster 1 - SK Herne-Sodingen 1"]
[Site "NRW-Klasse, Gruppe 2 2012/201"]
[Date "2012.11.18"]
[Round "3.1"]
[White "Graw, Christopher"]
[Black "Cuijpers, Frans Andre"]
[Result "0-1"]
[WhiteElo "2177"]
[BlackElo "2405"]
[PlyCount "112"]
[EventDate "2012.??.??"]
[WhiteTeam "SK Herne-Sodingen 1"]
[BlackTeam "SK Münster 1"]

1. e4 d6 2. d4 Nf6 3. Nc3 g6 4. h3 Bg7 5. Be3 c6 6. a4 O-O 7. g4 Qa5 8. Qd2 e5
9. Nge2 Nbd7 10. Bg2 b5 11. b4 Qxb4 12. axb5 cxb5 13. O-O Qc4 14. Rfb1 b4 15.
Nd5 Nxd5 16. exd5 Ba6 17. Bf1 Bb7 18. Qxb4 Qxb4 19. Rxb4 Bxd5 20. Rba4 exd4 21.
Bxd4 Ne5 22. Bg2 Bxg2 23. Kxg2 Nc6 24. Bxg7 Kxg7 25. Nd4 Rfc8 26. Nxc6 Rxc6 27.
Rxa7 Rxa7 28. Rxa7 Rxc2 29. g5 Rc5 30. h4 Rf5 31. Kg3 h5 32. f4 Rd5 33. Kf3
Rd3+ 34. Ke4 Rh3 35. Rd7 Rxh4 36. Rxd6 Rh1 37. Rd8 Rf1 38. Ra8 Rf2 39. Ke3 Rf1
40. Rb8 Ra1 41. Ke4 Ra3 42. Rc8 h4 43. Rc2 h3 44. Rb2 Rg3 45. Rh2 f6 46. gxf6+
Kxf6 47. Rb2 Kg7 48. f5 g5 49. Rb7+ Kh6 50. Rb8 Kh5 51. Rh8+ Kg4 52. f6 Rf3 53.
Rh6 Rf1 54. Ke5 Kg3 55. Ke6 h2 56. f7 g4 0-1

[Event "SK Münster 1 - SK Herne-Sodingen 1"]
[Site "NRW-Klasse, Gruppe 2 2012/201"]
[Date "2012.11.18"]
[Round "3.2"]
[White "Kuijf, Marinus"]
[Black "Langers, Alexander"]
[Result "1-0"]
[WhiteElo "2346"]
[BlackElo "2156"]
[PlyCount "59"]
[EventDate "2012.??.??"]
[WhiteTeam "SK Münster 1"]
[BlackTeam "SK Herne-Sodingen 1"]

1. e4 c5 2. c3 d5 3. exd5 Qxd5 4. d4 Nf6 5. Nf3 Bg4 6. Nbd2 e6 7. Bc4 Qd6 8.
Qb3 Qc7 9. Ne5 Bh5 10. Bb5+ Kd8 11. Ndf3 a6 12. Be2 Nc6 13. Nxc6+ Qxc6 14. Bg5
Kc7 15. O-O Bd6 16. dxc5 Bxc5 17. Bf4+ Bd6 18. Bxd6+ Qxd6 19. Rfd1 Qb6 20. Qc4+
Kb8 21. Ne5 Bxe2 22. Qxe2 Rf8 23. a4 Ka7 24. a5 Qc5 25. Nd3 Qg5 26. f4 Qb5 27.
Qe3+ b6 28. c4 Qc6 29. Nb4 Qc5 30. axb6+ 1-0

[Event "SK Münster 1 - SK Herne-Sodingen 1"]
[Site "NRW-Klasse, Gruppe 2 2012/201"]
[Date "2012.11.18"]
[Round "3.3"]
[White "Schippan, Bernhard"]
[Black "Molinaroli, Martin"]
[Result "0-1"]
[WhiteElo "2148"]
[BlackElo "2276"]
[PlyCount "66"]
[EventDate "2012.??.??"]
[WhiteTeam "SK Herne-Sodingen 1"]
[BlackTeam "SK Münster 1"]

1. e4 c6 2. d4 d5 3. Nd2 dxe4 4. Nxe4 Nd7 5. Ng5 Ngf6 6. Bc4 e6 7. N1f3 h6 8.
Nh3 g5 9. Nfg1 Nb6 10. Be2 c5 11. dxc5 Qxd1+ 12. Bxd1 Bxc5 13. Ne2 e5 14. Nc3
Bf5 15. Ng1 O-O-O 16. Nge2 Rd7 17. Ng3 Be6 18. h4 Rg8 19. hxg5 hxg5 20. Nge4
Nxe4 21. Nxe4 Be7 22. Rh6 Rdd8 23. Rh1 f5 24. Nc3 Rh8 25. Rg1 g4 26. Be2 Nc4
27. Bxc4 Bxc4 28. Bd2 g3 29. Nd1 gxf2+ 30. Nxf2 Bc5 31. Bc3 Rhg8 32. b3 Rg3 33.
bxc4 Rxc3 0-1

[Event "SK Münster 1 - SK Herne-Sodingen 1"]
[Site "NRW-Klasse, Gruppe 2 2012/201"]
[Date "2012.11.18"]
[Round "3.4"]
[White "Wolter, Kai"]
[Black "Wickenfeld, Stefan"]
[Result "0-1"]
[WhiteElo "2223"]
[BlackElo "2069"]
[Annotator "Doe,John"]
[PlyCount "122"]
[EventDate "2012.??.??"]
[WhiteTeam "SK Münster 1"]
[BlackTeam "SK Herne-Sodingen 1"]

1. e4 d5 2. exd5 Nf6 3. d4 Nxd5 4. c4 Nb6 5. Nf3 Bg4 6. c5 N6d7 7. Be2 e6 8.
O-O Be7 9. Nc3 O-O 10. h3 Bh5 11. b4 b6 12. Bf4 a5 13. b5 bxc5 14. d5 Bf6 15.
Rc1 e5 16. Be3 Bg6 17. Bd3 Nb6 18. Bxg6 hxg6 19. Bxc5 Re8 20. Bxb6 cxb6 21. Ne4
a4 $11 22. Qd3 Qd7 23. Rfd1 Ra5 24. d6 Bd8 25. Rb1 Qe6 26. Nfd2 Nd7 27. Nc4 Ra8
28. Rbc1 Rc8 29. Ne3 Rxc1 30. Rxc1 Qxa2 31. Qc4 Qxc4 32. Rxc4 f5 33. Nc3 a3 34.
Ra4 Bg5 35. Ncd5 Bxe3 36. Nxe3 Kf7 37. Rxa3 Ke6 38. Rc3 Ra8 39. g4 Ra5 40. Rb3
$11 Ra4 41. Rc3 f4 42. Nc4 e4 43. Nd2 Rd4 44. Nc4 Rd3 45. Rxd3 exd3 46. Kf1 Kd5
47. Nd2 Kxd6 48. Ne4+ Kd5 49. f3 Nc5 50. Nd2 Kd4 51. Ke1 g5 52. Kd1 Na4 53.
Nb3+ Ke3 54. Nd2 Nc3+ 55. Ke1 Nd5 56. Kd1 Kf2 57. Kc1 Ke2 58. Ne4 Kxf3 59.
Nxg5+ Ke3 60. h4 d2+ 61. Kc2 Ke2 0-1

[Event "SK Münster 1 - SK Herne-Sodingen 1"]
[Site "NRW-Klasse, Gruppe 2 2012/201"]
[Date "2012.11.18"]
[Round "3.5"]
[White "Waldschmidt, Georg"]
[Black "Bolwerk, Peter"]
[Result "0-1"]
[WhiteElo "2208"]
[BlackElo "2209"]
[PlyCount "98"]
[EventDate "2012.??.??"]
[WhiteTeam "SK Herne-Sodingen 1"]
[BlackTeam "SK Münster 1"]

1. e4 c5 2. c3 Nf6 3. e5 Nd5 4. d4 cxd4 5. Nf3 e6 6. cxd4 d6 7. Bc4 Nc6 8. O-O
Be7 9. exd6 Qxd6 10. Nc3 Nxc3 11. bxc3 O-O 12. Re1 b6 13. Bd3 Bb7 14. Ng5 Bxg5
15. Bxg5 Qd5 16. Qg4 f5 17. Qg3 Rae8 18. Bf4 Rf6 19. Qh3 Ref8 20. Bf1 Rg6 21.
Rad1 Na5 22. Re5 Qxa2 23. Qd3 Bd5 24. Ree1 Qa4 25. Qa6 Qc6 26. g3 Qxc3 27. Re3
Qc2 28. Rde1 Nc6 29. R3e2 Qc4 30. Qa3 Qxd4 31. Bc1 Qc5 32. Qa1 Nd4 33. Re3 b5
34. Bb2 Nf3+ 35. Rxf3 Bxf3 36. Rc1 Qb6 37. Bd4 Qb7 38. Qc3 b4 39. Qe3 f4 40.
Qe5 fxg3 41. fxg3 Rc8 42. Ra1 Qe4 43. Qd6 e5 44. Qxe5 Qxe5 45. Bxe5 Rg5 46. Bf4
Rgc5 47. Be3 Rc3 48. Kf2 Ra3 49. Rb1 Be4 0-1

[Event "SK Münster 1 - SK Herne-Sodingen 1"]
[Site "NRW-Klasse, Gruppe 2 2012/201"]
[Date "2012.11.18"]
[Round "3.6"]
[White "Korth, Daniel"]
[Black "Becker, Joerg"]
[Result "1/2-1/2"]
[WhiteElo "2182"]
[BlackElo "2170"]
[PlyCount "71"]
[EventDate "2012.??.??"]
[WhiteTeam "SK Münster 1"]
[BlackTeam "SK Herne-Sodingen 1"]

1. d4 Nf6 2. c4 e6 3. g3 c5 4. d5 d6 5. Nc3 exd5 6. cxd5 Qa5 7. Bd2 Be7 8. e4
O-O 9. Bd3 Qc7 10. Qc2 a6 11. a4 Nbd7 12. Nf3 Ne5 13. Nxe5 dxe5 14. O-O Bh3 15.
Rfe1 Bd6 16. Bg5 Ng4 17. Bf1 Bxf1 18. Rxf1 h6 19. Bd2 c4 20. h3 Nf6 21. Nd1 b5
22. Ne3 Rfc8 23. axb5 axb5 24. Rxa8 Rxa8 25. Nf5 Nd7 26. Nxd6 Qxd6 27. Be3 Nc5
28. Bxc5 Qxc5 29. Rd1 b4 30. d6 Rd8 31. Rd5 Qc6 32. Qd2 c3 33. bxc3 bxc3 34.
Qc2 Rxd6 35. Rxd6 Qxd6 36. Qxc3 1/2-1/2

[Event "SK Münster 1 - SK Herne-Sodingen 1"]
[Site "NRW-Klasse, Gruppe 2 2012/201"]
[Date "2012.11.18"]
[Round "3.7"]
[White "Trzaska, Peter"]
[Black "Kamp, Christoph"]
[Result "0-1"]
[WhiteElo "2075"]
[BlackElo "2165"]
[PlyCount "72"]
[EventDate "2012.??.??"]
[WhiteTeam "SK Herne-Sodingen 1"]
[BlackTeam "SK Münster 1"]

1. c4 e6 2. Nf3 d5 3. d4 c6 4. Nbd2 f5 5. g3 Nf6 6. Bg2 Bd6 7. O-O Nbd7 8. b3
O-O 9. Bb2 b6 10. Qc2 Bb7 11. cxd5 cxd5 12. Qd3 a5 13. Ng5 Qe7 14. Qe3 Rfe8 15.
f4 h6 16. Nh3 Ng4 17. Qf3 Ba6 18. Nf2 Nxf2 19. Qxf2 Rac8 20. Rac1 Ba3 21. Rxc8
Rxc8 22. Bxa3 Qxa3 23. g4 fxg4 24. Qe3 Qd6 25. h3 Nf6 26. hxg4 Nxg4 27. Qg3 Nf6
28. Bh3 Rc2 29. Qe3 Kh8 30. Rf2 Rxa2 31. Nf3 Ne4 32. Ne5 Qb4 33. Bxe6 Nxf2 34.
Qxf2 Rxe2 35. Nf7+ Kg8 36. Nxh6+ Kf8 0-1

[Event "SK Münster 1 - SK Herne-Sodingen 1"]
[Site "NRW-Klasse, Gruppe 2 2012/201"]
[Date "2012.11.18"]
[Round "3.8"]
[White "Chilla, Jan Eric"]
[Black "Leveikina, Jevgenija"]
[Result "0-1"]
[WhiteElo "2106"]
[BlackElo "1994"]
[Annotator "Doe,John"]
[PlyCount "106"]
[EventDate "2012.??.??"]
[WhiteTeam "SK Münster 1"]
[BlackTeam "SK Herne-Sodingen 1"]

1. d4 d5 2. c4 c6 3. Nf3 Nf6 4. e3 e6 5. Nbd2 Nbd7 6. b3 Be7 7. Bb2 O-O 8. Bd3
b6 9. O-O Bb7 10. Qe2 Rc8 11. e4 dxe4 12. Nxe4 c5 13. Neg5 h6 14. Ne4 cxd4 15.
Nxd4 Nc5 16. Nxc5 Rxc5 17. Rad1 Qa8 18. f3 Qc8 19. Bb1 Rg5 20. Kh1 Bc5 21. Nb5
Nh5 22. Bd4 a6 23. Nc3 Bxd4 24. Rxd4 Qc5 25. Rh4 Nf6 26. Rd1 Re5 27. Qd2 Qe3
28. Qxe3 Rxe3 29. Ne4 Bxe4 30. Bxe4 g5 31. Rxh6 Kg7 32. Rh3 Rd8 33. Rg1 Nxe4
34. fxe4 Rxe4 35. Rc3 Rd2 36. a3 f5 37. h3 Kf6 38. b4 Ree2 39. c5 bxc5 40. Rxc5
Rd6 41. Rb1 Rdd2 42. Rc6 Rxg2 43. Re1 $11 Rge2 44. Rxe2 Rxe2 45. Rxa6 Ke5 46.
b5 Kf4 47. Rc6 e5 48. b6 e4 49. Kg1 Kf3 50. Rc3+ e3 51. Rb3 Re1+ 52. Kh2 g4 53.
hxg4 fxg4 0-1

[Event "Herforder SV KS 1 - SG Niederkassel. 1"]
[Site "NRW-Klasse, Gruppe 2 2012/201"]
[Date "2012.11.18"]
[Round "3.1"]
[White "Stanetzek, Carsten"]
[Black "Nordsieck, Thomas"]
[Result "1/2-1/2"]
[WhiteElo "2196"]
[BlackElo "2245"]
[PlyCount "42"]
[EventDate "2012.??.??"]
[WhiteTeam "SG Niederkassel. 1"]
[BlackTeam "Herforder SV KS 1"]

1. e4 c5 2. Nf3 g6 3. Nc3 Bg7 4. Bc4 Nc6 5. O-O d6 6. d3 Nf6 7. Be3 O-O 8. Re1
Ng4 9. Bg5 h6 10. Bh4 Bd7 11. h3 Nge5 12. Bb3 Rb8 13. Nxe5 dxe5 14. f3 Nd4 15.
Nd5 g5 16. Bf2 b6 17. c3 Nxb3 18. Qxb3 Bc6 19. c4 Qd7 20. Qc3 Rfd8 21. Red1 e6
1/2-1/2

[Event "Herforder SV KS 1 - SG Niederkassel. 1"]
[Site "NRW-Klasse, Gruppe 2 2012/201"]
[Date "2012.11.18"]
[Round "3.2"]
[White "Pieper-Emden, Carsten"]
[Black "Riedel, Holger"]
[Result "0-1"]
[WhiteElo "2176"]
[BlackElo "2154"]
[Annotator "Doe,John"]
[PlyCount "128"]
[EventDate "2012.??.??"]
[WhiteTeam "Herforder SV KS 1"]
[BlackTeam "SG Niederkassel. 1"]

1. c4 b6 2. Nc3 Bb7 3. d4 e6 4. e4 Bb4 5. Bd3 f5 6. Qe2 Nf6 7. Bg5 fxe4 8. Bxe4
Bxe4 9. Bxf6 Qxf6 10. Qxe4 Bxc3+ 11. bxc3 O-O 12. Nf3 Nc6 13. O-O $11 Qf5 14.
Qe2 Ne7 15. Ne5 Rad8 16. Rad1 Ng6 17. Nxg6 Qxg6 18. Rd2 Rf5 19. f3 Qh6 20. Rb2
Rdf8 21. Rb5 Qf6 22. Rd1 c6 23. Re5 Qe7 24. Re3 Qa3 25. g3 Ra5 26. Rd2 Qc1+ 27.
Rd1 Qa3 28. Rd2 h6 29. Kg2 Qd6 30. Re5 Ra3 31. c5 Qc7 32. cxb6 axb6 33. Re3 b5
34. Rc2 Rfa8 35. Qd2 Qd6 36. Re5 Qf8 37. f4 Qf6 38. Re2 Qf5 39. h4 Qg6 40. Qe1
Qd3 41. Kh2 R8a4 42. Red2 Qc4 43. Qa1 Qd5 44. Rf2 Qf5 45. Qd1 Rc4 46. Qc1 Rca4
47. Qd1 Qd5 48. Qa1 Ra7 49. Qb1 d6 50. Qe1 Rf7 51. Rfe2 Rf6 52. Qc1 Ra4 53. Qe3
Kf7 54. Qd3 Ke7 55. Qh7 Rf7 56. Qh8 Ra3 57. Qc8 Ra7 58. Qb8 Rd7 59. Re3 Rf8 60.
Qb6 g5 61. Rce2 Rf6 62. f5 Qxf5 63. hxg5 hxg5 64. Qxc6 Qf1 0-1

[Event "Herforder SV KS 1 - SG Niederkassel. 1"]
[Site "NRW-Klasse, Gruppe 2 2012/201"]
[Date "2012.11.18"]
[Round "3.4"]
[White "Wolf, Andre"]
[Black "Rybarczyk, Klaus"]
[Result "1/2-1/2"]
[WhiteElo "2123"]
[BlackElo "2101"]
[PlyCount "59"]
[EventDate "2012.??.??"]
[WhiteTeam "Herforder SV KS 1"]
[BlackTeam "SG Niederkassel. 1"]

1. e4 c5 2. c3 Nf6 3. e5 Nd5 4. Nf3 Nc6 5. Bc4 Nb6 6. Bb3 d5 7. exd6 Qxd6 8.
O-O c4 9. Bc2 Bg4 10. Re1 e6 11. Na3 Be7 12. b3 O-O 13. Nxc4 Nxc4 14. bxc4 Na5
15. h3 Bh5 16. g4 Bg6 17. Ne5 Bxc2 18. Qxc2 Qc7 19. d3 Bd6 20. Nf3 e5 21. Ng5
h6 22. Ne4 f5 23. gxf5 Rxf5 24. Re3 Raf8 25. Rg3 Kh8 26. Be3 b6 27. Qe2 Nb7 28.
Qg4 Qf7 29. Qg6 Rd8 30. Qxf7 1/2-1/2

[Event "Herforder SV KS 1 - SG Niederkassel. 1"]
[Site "NRW-Klasse, Gruppe 2 2012/201"]
[Date "2012.11.18"]
[Round "3.5"]
[White "Wilke, Christopher"]
[Black "Quelle, Helmut"]
[Result "0-1"]
[WhiteElo "2003"]
[BlackElo "2106"]
[PlyCount "60"]
[EventDate "2012.??.??"]
[WhiteTeam "SG Niederkassel. 1"]
[BlackTeam "Herforder SV KS 1"]

1. d4 Nf6 2. g3 g6 3. Bg2 d5 4. Nf3 Bg7 5. O-O O-O 6. Nbd2 c6 7. c3 Bf5 8. Re1
Nbd7 9. Nh4 Be6 10. e4 dxe4 11. Nxe4 Nxe4 12. Bxe4 Qa5 13. Bd2 Nf6 14. Bg2 Rad8
15. Qc1 Rfe8 16. Bh6 Bxh6 17. Qxh6 Qh5 18. Qc1 Kg7 19. f4 Qg4 20. Re5 Bd5 21.
Qe1 Bxg2 22. Kxg2 Qd7 23. f5 b6 24. Qe2 e6 25. fxg6 hxg6 26. Rf1 Qe7 27. Qc2
Rd5 28. Nf3 c5 29. Rxd5 Nxd5 30. Ne5 Ne3+ 0-1

[Event "Herforder SV KS 1 - SG Niederkassel. 1"]
[Site "NRW-Klasse, Gruppe 2 2012/201"]
[Date "2012.11.18"]
[Round "3.6"]
[White "Bellers, Frank"]
[Black "Guelsen, Taylan"]
[Result "1-0"]
[WhiteElo "2184"]
[BlackElo "2026"]
[Annotator "Doe,John"]
[PlyCount "121"]
[EventDate "2012.??.??"]
[WhiteTeam "Herforder SV KS 1"]
[BlackTeam "SG Niederkassel. 1"]

1. d4 d5 2. c4 c6 3. Nf3 e6 4. Nc3 dxc4 5. Bg5 Be7 6. Bxe7 Nxe7 7. e4 b5 8. a4
b4 9. Na2 a5 10. Bxc4 Nd7 11. O-O O-O 12. Qe2 Nb6 13. Bd3 Nxa4 14. Nc1 Nb6 15.
Nb3 Nd7 16. Ra4 c5 17. dxc5 Qc7 18. Rfa1 Nc6 19. Bb5 Ndb8 20. Nfd2 e5 21. Qe3
Be6 22. Nc4 Bxc4 23. Bxc4 Rd8 24. Bd5 Ra7 25. h4 Kh8 26. Qd3 f5 27. Qb5 fxe4
28. Bxe4 Rf8 29. Nxa5 Qf7 30. f3 Nd4 31. Qxb4 Ne2+ 32. Kf2 Nd4 33. Nc4 Rxa4 34.
Rxa4 Qf6 35. Nxe5 Qxh4+ 36. Ke3 Qf4+ 37. Kd3 Rd8 38. Qxd4 Rxd4+ 39. Rxd4 g6 40.
Rd8+ Kg7 41. Rxb8 Qxe5 42. Rb7+ Kh6 43. b4 Qa1 44. g4 Kg5 $11 45. c6 Qd1+ 46.
Kc4 Qf1+ 47. Kc5 Qg1+ 48. Kd5 Kf6 49. c7 Qd1+ 50. Kc5 Qg1+ 51. Kc6 Qc1+ 52. Kd7
Qd2+ 53. Kc8 Ke7 54. Kb8 Qd6 55. Rb5 Ke8 56. Kb7 Qd7 57. Rb6 Kf7 58. b5 Kg7 59.
Rc6 Kf7 60. b6 g5 61. Rh6 1-0

[Event "Herforder SV KS 1 - SG Niederkassel. 1"]
[Site "NRW-Klasse, Gruppe 2 2012/201"]
[Date "2012.11.18"]
[Round "3.7"]
[White "Groß, Werner"]
[Black "Hanisch, Bernd"]
[Result "1/2-1/2"]
[WhiteElo "2120"]
[BlackElo "2001"]
[PlyCount "84"]
[EventDate "2012.??.??"]
[WhiteTeam "SG Niederkassel. 1"]
[BlackTeam "Herforder SV KS 1"]

1. c4 c6 2. Nf3 d5 3. e3 Nf6 4. Qc2 e6 5. b3 Nbd7 6. Bb2 Bd6 7. d4 O-O 8. Bd3
c5 9. O-O b6 10. Nc3 Bb7 11. cxd5 exd5 12. Nb5 Be7 13. Ne5 a6 14. Nc3 cxd4 15.
exd4 Rc8 16. Qe2 b5 17. f4 Bb4 18. Nd1 Ne4 19. a3 Bd6 20. Ne3 Ndf6 21. g4 Nc3
22. Qe1 Nfe4 23. Rc1 b4 24. axb4 Bxb4 25. Nc2 a5 26. Nxb4 axb4 27. Bxe4 dxe4
28. Bxc3 bxc3 29. Qe3 Qd5 30. Nc4 Ba6 31. Rxc3 Bxc4 32. bxc4 Rxc4 33. Rxc4 Qxc4
34. Qxe4 Rd8 35. Rd1 h6 36. Kf2 Qa4 37. Rd2 Re8 38. Qd3 Qa1 39. Rd1 Qa2+ 40.
Qd2 Qd5 41. Re1 Rxe1 42. Qxe1 Qxd4+ 1/2-1/2

[Event "Herforder SV KS 1 - SG Niederkassel. 1"]
[Site "NRW-Klasse, Gruppe 2 2012/201"]
[Date "2012.11.18"]
[Round "3.8"]
[White "Heuermann, Heinz-Burkhard"]
[Black "Dierkes, Tobias"]
[Result "0-1"]
[WhiteElo "1956"]
[BlackElo "2066"]
[PlyCount "82"]
[EventDate "2012.??.??"]
[WhiteTeam "Herforder SV KS 1"]
[BlackTeam "SG Niederkassel. 1"]

1. c4 e5 2. Nc3 Nf6 3. g3 d5 4. cxd5 Nxd5 5. Bg2 Nb6 6. Nf3 Nc6 7. O-O Be7 8.
a3 O-O 9. b4 Be6 10. d3 f6 11. Bb2 a5 12. b5 Nd4 13. Nxd4 exd4 14. Na4 Nd5 15.
Rc1 b6 16. Rc6 Bf7 17. Qa1 Bd6 18. Bxd4 Ne7 19. Rcc1 Ra7 20. Bb2 Qe8 21. Nc3
Be5 22. a4 Bxc3 23. Bxc3 Nd5 24. e4 Nb4 25. d4 Qe7 26. d5 Bg6 27. f3 f5 28.
Rce1 Nc2 29. Qb2 Qc5+ 30. Kh1 Nxe1 31. Rxe1 fxe4 32. Bd4 Qb4 33. Qxb4 axb4 34.
fxe4 Rxa4 35. e5 b3 36. Bc3 Rc4 37. Ba1 Rc2 38. Bd4 b2 39. d6 Rc1 40. Bd5+ Bf7
41. Bxf7+ Rxf7 0-1

[Event "Oberhausener SV 1 - Herforder SV KS 1"]
[Site "NRW-Klasse, Gruppe 2 2012/201"]
[Date "2012.12.16"]
[Round "4.1"]
[White "Nordsieck, Thomas"]
[Black "Becker, Marcel"]
[Result "1-0"]
[WhiteElo "2245"]
[BlackElo "2328"]
[PlyCount "97"]
[EventDate "2012.??.??"]
[WhiteTeam "Herforder SV KS 1"]
[BlackTeam "Oberhausener SV 1"]

1. e4 c6 2. d4 d5 3. exd5 cxd5 4. c4 Nf6 5. Nc3 Nc6 6. Nf3 g6 7. cxd5 Nxd5 8.
Bc4 Nb6 9. Bb3 Bg7 10. O-O O-O 11. d5 Na5 12. Bg5 h6 13. Bf4 Nbc4 14. Qe2 Nxb3
15. axb3 Nd6 16. Ne5 Bf5 17. Rfe1 Re8 18. g4 Bd7 19. Rad1 a5 20. h3 Ra6 21. Ne4
Nxe4 22. Qxe4 Bc8 23. Nc4 f5 24. Qe2 fxg4 25. hxg4 Qd7 26. f3 Rf8 27. Be5 Bxe5
28. Nxe5 Qc7 29. Kg2 Raf6 30. Qe3 g5 31. Rd2 Qb6 32. Qxb6 Rxb6 33. Nc4 Rxb3 34.
Rxe7 Rbxf3 35. Ne5 R3f4 36. d6 Re4 37. Kh2 b6 38. Nd7 Bxd7 39. Rxe4 Rf7 40. Kg3
Bc6 41. Re3 Rf1 42. Rd4 Rg1+ 43. Kf2 Rg2+ 44. Ke1 Rxb2 45. d7 Bxd7 46. Rxd7 Kf8
47. Rc3 Ke8 48. Rh7 Kd8 49. Rcc7 1-0

[Event "Oberhausener SV 1 - Herforder SV KS 1"]
[Site "NRW-Klasse, Gruppe 2 2012/201"]
[Date "2012.12.16"]
[Round "4.2"]
[White "Kaufeld, Juergen"]
[Black "Pieper-Emden, Carsten"]
[Result "1-0"]
[WhiteElo "2274"]
[BlackElo "2176"]
[Annotator "Doe,John"]
[PlyCount "77"]
[EventDate "2012.??.??"]
[WhiteTeam "Oberhausener SV 1"]
[BlackTeam "Herforder SV KS 1"]

1. d4 d5 2. c4 c6 3. Nc3 Nf6 4. e3 e6 5. Nf3 Be7 6. Qc2 O-O 7. b3 Nbd7 8. Bb2
a6 9. Bd3 h6 10. O-O b5 11. Rfd1 Bb7 12. a3 Qb8 $11 13. c5 Re8 14. h3 Bd8 15.
b4 Bc7 16. a4 e5 17. dxe5 Nxe5 18. Nxe5 Bxe5 19. axb5 axb5 20. Rxa8 Qxa8 21.
Ne2 Qb8 22. Nd4 Qc7 23. Ra1 Ra8 24. Rxa8+ Bxa8 25. Qb1 Nd7 26. Qa1 Bb7 27. f4
Bf6 28. Nf5 Bxb2 29. Qxb2 f6 30. Qa1 Qd8 31. Nd6 Qa8 32. Qd1 Nf8 33. Qh5 g6 34.
Qxh6 f5 35. Qg5 Qa3 36. Bxf5 Qxe3+ 37. Kh1 Kh7 38. Bg4 Ba8 39. Qf6 1-0

[Event "Oberhausener SV 1 - Herforder SV KS 1"]
[Site "NRW-Klasse, Gruppe 2 2012/201"]
[Date "2012.12.16"]
[Round "4.3"]
[White "Wolf, Andre"]
[Black "Litwak, Aleksej"]
[Result "0-1"]
[WhiteElo "2123"]
[BlackElo "2244"]
[PlyCount "82"]
[EventDate "2012.??.??"]
[WhiteTeam "Herforder SV KS 1"]
[BlackTeam "Oberhausener SV 1"]

1. e4 c5 2. c3 Nf6 3. e5 Nd5 4. d4 cxd4 5. Nf3 e6 6. cxd4 d6 7. Bc4 Nc6 8. O-O
Be7 9. Qe2 O-O 10. Nc3 Nxc3 11. bxc3 dxe5 12. dxe5 Qa5 13. Bd2 Rd8 14. Rfe1 Bd7
15. h4 Be8 16. Bd3 Qa4 17. Qf1 Rd7 18. Re4 Qa5 19. Qe2 Rad8 20. Bc2 g6 21. h5
Rxd2 22. Nxd2 Qxc3 23. Nb3 Nd4 24. Rxd4 Rxd4 25. hxg6 hxg6 26. Rc1 Bg5 27. Rf1
Rd8 28. f4 Be7 29. f5 exf5 30. Rf3 Qc6 31. Rh3 Bf8 32. Bxf5 gxf5 33. Rg3+ Bg7
34. Qh5 Qb6+ 35. Kh2 Kf8 36. Qxf5 Qc6 37. Qg5 Qh6+ 38. Qxh6 Bxh6 39. Rg4 Bg7
40. Re4 Bc6 41. Re2 Re8 0-1

[Event "Oberhausener SV 1 - Herforder SV KS 1"]
[Site "NRW-Klasse, Gruppe 2 2012/201"]
[Date "2012.12.16"]
[Round "4.4"]
[White "Nissen, Claus"]
[Black "Loemker, Michael"]
[Result "1/2-1/2"]
[WhiteElo "2144"]
[BlackElo "2071"]
[PlyCount "93"]
[EventDate "2012.??.??"]
[WhiteTeam "Oberhausener SV 1"]
[BlackTeam "Herforder SV KS 1"]

1. d4 g6 2. c4 Bg7 3. Nc3 a6 4. e4 Nc6 5. d5 Nd4 6. Bd3 e5 7. Nge2 c5 8. O-O
Nf6 9. Nxd4 cxd4 10. Ne2 O-O 11. Ng3 d6 12. a3 a5 13. Bd2 a4 14. Bc2 Qc7 15.
Bb4 Bd7 16. Bd3 Be8 17. Rc1 Nd7 18. Rc2 Nc5 19. f4 exf4 20. Ne2 Bd7 21. Nxf4
Rae8 22. Qf3 b6 23. Re2 Bc8 24. Bc2 Ba6 25. Bxc5 Qxc5 26. Bxa4 Bxc4 27. Nd3
Bxd3 28. Qxd3 Rc8 29. Rc2 Qa5 30. Bc6 Rc7 31. Rc4 Qa6 32. Rd1 Re7 33. a4 f5 34.
Bb5 Qa8 35. exf5 Qxd5 36. fxg6 Qh5 37. gxh7+ Kh8 38. Rf1 Ref7 39. Rxf7 Qxf7 40.
Rc1 Qf2+ 41. Kh1 Qxb2 42. Rf1 Rxf1+ 43. Qxf1 Qc2 44. Bd3 Qxa4 45. h4 Qe8 46.
Qd1 Qe3 47. Qe2 1/2-1/2

[Event "Oberhausener SV 1 - Herforder SV KS 1"]
[Site "NRW-Klasse, Gruppe 2 2012/201"]
[Date "2012.12.16"]
[Round "4.5"]
[White "Quelle, Helmut"]
[Black "Ciornei, Dragos"]
[Result "1/2-1/2"]
[WhiteElo "2106"]
[BlackElo "2119"]
[PlyCount "164"]
[EventDate "2012.??.??"]
[WhiteTeam "Herforder SV KS 1"]
[BlackTeam "Oberhausener SV 1"]

1. Nf3 Nf6 2. g3 b6 3. Bg2 Bb7 4. O-O c5 5. c4 g6 6. Nc3 Bg7 7. Re1 O-O 8. e4
d6 9. d4 cxd4 10. Nxd4 Nfd7 11. Be3 Na6 12. Rc1 Ne5 13. Qe2 e6 14. Red1 Qe7 15.
f4 Nc6 16. Nxc6 Bxc6 17. e5 Bxg2 18. exd6 Qd7 19. Qxg2 Rac8 20. b3 Rc6 21. Nb5
Rd8 22. Nxa7 Rxd6 23. Rxd6 Qxd6 24. Nb5 Qd3 25. Bxb6 Rb8 26. Ba7 Rd8 27. Bb6
Rb8 28. Qf2 Nb4 29. Bd4 Ra8 30. Bxg7 Rxa2 31. Qc5 Kxg7 32. Qd4+ Qxd4+ 33. Nxd4
Rd2 34. Nb5 Rb2 35. Rc3 Na2 36. Re3 Nb4 37. h3 h5 38. Kf1 Kf6 39. Nc3 Kg7 40.
Na4 Rd2 41. Nb6 Nd3 42. Nd7 Nb4 43. Ne5 Rb2 44. Rc3 Na2 45. Rd3 Nc1 46. Rd7
Nxb3 47. Rxf7+ Kg8 48. Rf6 Nc5 49. Rxg6+ Kf8 50. g4 hxg4 51. Rxg4 Ne4 52. Rg2
Nd2+ 53. Kg1 Rb1+ 54. Kf2 Rh1 55. Ke3 Nb3 56. Rg3 Ke7 57. Kf2 Nc5 58. Kg2 Rc1
59. h4 Kf6 60. Rg6+ Kf5 61. Rg5+ Ke4 62. h5 Rc2+ 63. Kg3 Rc3+ 64. Kg4 Rc1 65.
Nf3 Nd7 66. Rg6 e5 67. Rd6 Nf8 68. fxe5 Rc2 69. e6 Rg2+ 70. Kh3 Rg7 71. h6 Re7
72. Ng5+ Kf5 73. Rd5+ Kg6 74. c5 Kxh6 75. Kg4 Kg6 76. Re5 Kf6 77. Rf5+ Kg7 78.
Rf7+ Rxf7 79. exf7 Nd7 80. Kf5 Nxc5 81. Ke5 Kf8 82. Kd6 Ne4+ 1/2-1/2

[Event "Oberhausener SV 1 - Herforder SV KS 1"]
[Site "NRW-Klasse, Gruppe 2 2012/201"]
[Date "2012.12.16"]
[Round "4.6"]
[White "Joergens, Markus"]
[Black "Hanisch, Bernd"]
[Result "1-0"]
[WhiteElo "2095"]
[BlackElo "2001"]
[PlyCount "53"]
[EventDate "2012.??.??"]
[WhiteTeam "Oberhausener SV 1"]
[BlackTeam "Herforder SV KS 1"]

1. d4 d5 2. c4 c6 3. Nf3 Nf6 4. e3 g6 5. Nc3 Bg7 6. Qb3 a6 7. Bd2 O-O 8. a4 Ne4
9. cxd5 Nxd2 10. Nxd2 e5 11. dxe6 Qe7 12. exf7+ Kh8 13. Be2 Be6 14. Qa3 Qxf7
15. O-O Rd8 16. Nce4 h6 17. Rac1 a5 18. Bc4 Bd5 19. Qb3 Na6 20. Bxd5 cxd5 21.
Nc5 Nb4 22. Nf3 Rab8 23. Nd3 Nc6 24. Rc5 Kh7 25. h3 Qg8 26. Nfe5 Bf8 27. Rb5
1-0